• 首页
  • 本馆介绍
  • 公告通知
  • 最新文献
  • 馆藏检索
  • 电子资源
  • 读者导购
  • 参考咨询
  • 我的图书馆
  • 登录
  • 详细信息显示
  • 放入我的书架
  • 预约/预借图书
  • 作者相关作品
  • 分类相关作品
  • 丛书相关作品
  • 出版社相关作品

书目信息

  • 表格格式
  • 工作单格式
  • 卡片格式
题名:
大学数学实验
    
 
作者: 薛长虹 , 于凯 编著
分册:  
出版信息: 成都   西南交通大学出版社  2003
页数: 169页
开本: 26cm
丛书名:
单 册:
中图分类: O245
科图分类:
主题词: 数学--算法语言--应用软件
电子资源:
ISBN: 7-81057-786-7
000 00835nam0 2200241 45
001 002505957
005 20050413105321.8
010    @a7-81057-786-7@dCNY16.00
100    @a20031119d2003 em y0chiy0110 ea
101 0  @achi
102    @aCN@b510000
105    @ay z 000yy
200 1  @a大学数学实验@Ada xue shu xue shi yan@eMATLAB应用篇@f薛长虹,于凯编著@FXue Chang Hong,Yu Kai Bian Zhu
210    @a成都@c西南交通大学出版社@d2003
215    @a169页@d26cm
330    @a本书结合大学数学课程内容,以美国研制的数学软件MATLAB为计算工具,对如何运用该工具做微积分、空间解析几何、线性代数、概率统计等各种数学计算及绘图进行了详细的说明。
606 0  @a数学@x算法语言@x应用软件
610 0  @aMATLAB
690    @aO245@v4
701  0 @a薛长虹@4编著
701  0 @a于凯@4编著
801  0 @aCN@bNLC@c20040623
905    @f5@b348753-757@dO245@e16
    
    大学数学实验:MATLAB应用篇/薛长虹,于凯编著.-成都:西南交通大学出版社,2003
    169页;26cm
    
    
    ISBN 7-81057-786-7:CNY16.00
    本书结合大学数学课程内容,以美国研制的数学软件MATLAB为计算工具,对如何运用该工具做微积分、空间解析几何、线性代数、概率统计等各种数学计算及绘图进行了详细的说明。
●
相关链接 在E读中查询图书 在五车中查询图书 在当当中查询图书 在豆瓣中查询图书


正题名:大学数学实验     索取号:O245/16         预约/预借

序号 登录号 条形码 馆藏地/架位号 状态 备注
1 0348753   203487538   第二样本阅览室/ [索取号:O245/16] 在馆    
2 0348754   203487547   第三借阅区/ [索取号:O245/16] 在馆    
3 0348755   203487556   第三借阅区/ [索取号:O245/16] 在馆    
4 0348756   203487565   第三借阅区/ [索取号:O245/16] 在馆    
5 0348757   203487574   第三借阅区/ [索取号:O245/16] 在馆    
唐山师范学院图书馆 欢迎您!
大连网信软件有限公司© 版权所有